Statistics for SAT Words Click Quiz - E

Click here to take the quiz!

General Stats

  • This quiz has been taken 309 times
  • The average score is 12 of 15

Answer Stats

HintAnswer% Correct
MysteryEnigma
93%
Count or tallyEnumerate
93%
Mournful poemElegy
91%
ImitateEmulate
90%
Odd or peculiarEccentric
86%
OverjoyedElated
82%
ClarifyElucidate
81%
BubblyEffervescent
76%
Fleeting; momentaryEphemeral
76%
Persuasive expressivenessEloquence
75%
Diverse; heterogeneousEclectic
71%
EnthusiasmEbullience
69%
WeakenEnervate
65%
FlagrantEgregious
64%
Beget; cause to happenEngender
61%

Score Distribution

Percentile by Number Answered

Percent of People with Each Score

Your Score History

You have not taken this quiz